000 00274nam a22001337a 4500
020 _a978-0-19-846575-1
082 _a823
_bHUN/R
100 _aHUNT, RODERICK
245 _aRED PLANET
260 _aUSA
_bOXFORD
300 _a32
650 _aENGLISH SHORT STORY
942 _cBK
999 _c3274
_d3274